Who said this quotes. - Statistics

General Stats
  • This quiz has been taken 4 times
  • The average score is 3 of 15
Answer Stats
Quote Who said it % Correct
Weak people revenge. Strong people forgive. Intelligent People Ignore. Albert Einstein
100%
The difference between stupidity and genius is that genius has its limits. Albert Einstein2
50%
One cannot and must not try to erase the past merely because it does not fit the present. Golda Meir
50%
I was ripped from my body, I was less than spirit, less than the meanest ghost . . . but still, I was alive. J. K. Rowling / Lord Voldemort
50%
For the dead and the living, we must bear witness. Elie Wiesel
0%
To forget the dead would be akin to killing them a second time. Elie Wiesel2
0%
You have to love a nation that celebrates its independence every July 4, not with a parade of guns, tanks, and soldiers who file by the White House in a show of strength and muscle, but with family picnics where kids throw Frisbees, the potato salad gets iffy, and the flies die from happiness. You may think you have overeaten, but it is patriotism. Erma Bombeck
0%
A mind is like a parachute. It doesn't work if it is not open. Frank Zappa
0%
A strong nation, like a strong person, can afford to be gentle, firm, thoughtful, and restrained. It can afford to extend a helping hand to others. It's a weak nation, like a weak person, that must behave with bluster and boasting and rashness and other signs of insecurity. Jimmy Carter
0%
Be more concerned with your character than your reputation, because your character is what you really are, while your reputation is merely what others think you are. John Wooden
0%
The essence of strategy is choosing what not to do. Michael Porter
0%
Death is something inevitable. When a man has done what he considers to be his duty to his people and his country, he can rest in peace. I believe I have made that effort and that is, therefore, why I will sleep for the eternity. Nelson Mandela
0%
A happy marriage is the union of two good forgivers. Ruth Graham
0%
Patriotism means to stand by the country. It does not mean to stand by the president. Theodore Roosevelt
0%
Never be afraid to raise your voice for honesty and truth and compassion against injustice and lying and greed. If people all over the world...would do this, it would change the earth. William Faulkner
0%
No matching quizzes found
Score Distribution
Percent of People with Each Score
Percentile by Number Answered
Your Score History
You have not taken this quiz